| 000 | 00649nam a2200217 a 4500 | ||
|---|---|---|---|
| 005 | 20241113063724.0 | ||
| 008 | 131209s2009 mx r 000 0 spa d | ||
| 020 | _a9789974686007 | ||
| 035 | _aUPN01000194653 | ||
| 049 | _aCG | ||
| 050 | 4 |
_aRA440 _bS2.4 |
|
| 245 | 0 | 3 |
_aLa salud y el bienestar : _bguía de prevención y cuidados / _cselec. de textos Silvia Maturana. |
| 260 |
_aMontevideo : _bArquetipo, _c2009. |
||
| 300 |
_a72 p. : _bil. col. |
||
| 650 | 4 |
_aEducación para la salud _95249 |
|
| 650 | 0 |
_aSalud _98453 |
|
| 650 | 2 |
_aBienestar personal _921516 |
|
| 905 | _aLibro | ||
| 999 |
_c166754 _d166754 |
||